000 00506nam a2200229Ia 4500
003 IT-RoPAU
008 120407s9999 xx 000 0 und d
040 _aIT-RoPAU
040 _cIT-RoPAU
041 _aita
100 _aPeter Stockmeier
245 _aFede e religione nella Chiesa primitiva
250 _aBrescia
260 _aPaideia
260 _c1976
300 _a142 p.
300 _c21 cm
490 _aBiblioteca di cultura religiosa
490 _v30
942 _cBK
999 _c25647
_d25647